00170pam a2200073 a 4500020000500000041000800005100001700013245006600030 c aeng aBansal, K.M. aPractical Problems In Advanced Accounting hTextual Documents